Vista normal
Vista MARC
Entrada Materia (personas)
Número de registros utilizados en: 1
001 - CONTROL NUMBER
- control field: 101956
003 - CONTROL NUMBER IDENTIFIER
- control field: Co-BoUCM
005 - DATE AND TIME OF LATEST TRANSACTION
- control field: 20201217104724.0
008 - FIXED-LENGTH DATA ELEMENTS
- fixed length control field: 201217|| aca||aabn | a|a d
040 ## - CATALOGING SOURCE
- Original cataloging agency: Co-BoUCM
- Transcribing agency: Co-BoUCM
100 ## - HEADING--PERSONAL NAME
- Personal name: Emlyn-Jones, Chris
- Fuller form of name: (Christopher John)
670 ## - SOURCE DATA FOUND
- Source citation: Work cat.: (Co-BoUCM)318396: Platón 2609 427-347 a. c. , Plato Republic., 2013